<?xml version="1.0" encoding="UTF-8"?>
<record
    xmlns:xsi="http://www.w3.org/2001/XMLSchema-instance"
    xsi:schemaLocation="http://www.loc.gov/MARC21/slim http://www.loc.gov/standards/marcxml/schema/MARC21slim.xsd"
    xmlns="http://www.loc.gov/MARC21/slim">

  <leader>01368njm a22003017a 4500</leader>
  <controlfield tag="005">20100910143857.0</controlfield>
  <controlfield tag="006">a|||||r|||||00| 0 </controlfield>
  <controlfield tag="007">sd ammalaaahaa</controlfield>
  <controlfield tag="008">100910t        xxu||||| |||| 00| 0 eng d</controlfield>
  <datafield tag="028" ind1=" " ind2=" ">
    <subfield code="a">45-AE.1422</subfield>
    <subfield code="b">Angel Records</subfield>
  </datafield>
  <datafield tag="035" ind1=" " ind2=" ">
    <subfield code="a">GR-01951</subfield>
  </datafield>
  <datafield tag="040" ind1=" " ind2=" ">
    <subfield code="a">SED</subfield>
    <subfield code="c">SED</subfield>
  </datafield>
  <datafield tag="100" ind1=" " ind2=" ">
    <subfield code="9">17690</subfield>
    <subfield code="a">Chitra, Sasaram</subfield>
  </datafield>
  <datafield tag="245" ind1=" " ind2=" ">
    <subfield code="a">Insaaf Ka Mandir /</subfield>
    <subfield code="c">sung by Suman Kalyanpur, Asha Bhosle [and] Usha Mangeshkar; music by Sapan Jagmohan; lyric by Naqsh Lyallpuri</subfield>
    <subfield code="h">[Sound Recording] :</subfield>
  </datafield>
  <datafield tag="246" ind1=" " ind2=" ">
    <subfield code="a">&#x907;&#x928;&#x94D;&#x938;&#x93E;&#x92B;  &#x915;&#x93E;  &#x92E;&#x902;&#x926;&#x93F;&#x930;  / &#x938;&#x941;&#x92E;&#x928;  &#x915;&#x932;&#x94D;&#x92F;&#x93E;&#x928;&#x92A;&#x941;&#x930;  &#x926;&#x94D;&#x935;&#x93E;&#x930;&#x93E; </subfield>
  </datafield>
  <datafield tag="260" ind1=" " ind2=" ">
    <subfield code="a">Dum Dum India</subfield>
    <subfield code="b">Angel Records</subfield>
    <subfield code="c">1969</subfield>
  </datafield>
  <datafield tag="300" ind1=" " ind2=" ">
    <subfield code="a">1 sound disc (Gramophone Recording)</subfield>
    <subfield code="b">analog, 45 rpm</subfield>
    <subfield code="c">7 in. (SP)</subfield>
    <subfield code="f">Gramophone Record</subfield>
  </datafield>
  <datafield tag="500" ind1=" " ind2=" ">
    <subfield code="a">Brief Record</subfield>
  </datafield>
  <datafield tag="505" ind1=" " ind2=" ">
    <subfield code="a">Side-1 &#x915;&#x94B;&#x908;  &#x92C;&#x939;&#x93E;&#x930;  &#x92C;&#x928;&#x915;&#x947;  (Koi Bahar Banke) (Suman Kalyanpur) -- Side-2 &#x906;&#x92A;  &#x939;&#x940;  &#x915;&#x940;  &#x915;&#x938;&#x92E; (Aap Hi Ki Kasam) (Asha Bhosle &amp; Usha Mangeshkar)</subfield>
  </datafield>
  <datafield tag="650" ind1=" " ind2=" ">
    <subfield code="a">Instrumental Classical Music</subfield>
    <subfield code="x">Excerpts</subfield>
    <subfield code="z">India</subfield>
    <subfield code="9">17691</subfield>
  </datafield>
  <datafield tag="700" ind1=" " ind2=" ">
    <subfield code="a">Kalyanpur, Suman</subfield>
    <subfield code="9">19517</subfield>
  </datafield>
  <datafield tag="700" ind1=" " ind2=" ">
    <subfield code="a">Bhosle, Asha</subfield>
    <subfield code="9">19518</subfield>
  </datafield>
  <datafield tag="700" ind1=" " ind2=" ">
    <subfield code="a">Mangeshkar, Usha</subfield>
    <subfield code="9">19519</subfield>
  </datafield>
  <datafield tag="700" ind1=" " ind2=" ">
    <subfield code="a">Jagmohan, Sapan</subfield>
    <subfield code="9">19520</subfield>
  </datafield>
  <datafield tag="700" ind1=" " ind2=" ">
    <subfield code="a">Lyallpuri, Naqsh</subfield>
    <subfield code="9">19521</subfield>
  </datafield>
  <datafield tag="942" ind1=" " ind2=" ">
    <subfield code="2">ddc</subfield>
    <subfield code="c">GR</subfield>
  </datafield>
  <datafield tag="999" ind1=" " ind2=" ">
    <subfield code="c">45165</subfield>
    <subfield code="d">45165</subfield>
  </datafield>
  <datafield tag="952" ind1=" " ind2=" ">
    <subfield code="0">0</subfield>
    <subfield code="1">0</subfield>
    <subfield code="2">ddc</subfield>
    <subfield code="4">0</subfield>
    <subfield code="7">1</subfield>
    <subfield code="8">NFIC</subfield>
    <subfield code="a">L</subfield>
    <subfield code="b">L</subfield>
    <subfield code="d">2010-09-10</subfield>
    <subfield code="e">SED/VEN</subfield>
    <subfield code="l">0</subfield>
    <subfield code="p">GR-01951</subfield>
    <subfield code="r">2010-09-10 00:00:00</subfield>
    <subfield code="t">1</subfield>
    <subfield code="w">2010-09-10</subfield>
    <subfield code="y">GR</subfield>
  </datafield>
</record>
